[Event "DRUGA LIGA SRBIJE-GRUPA VOJVODINA 2018"]
[Site "Novi Sad"]
[Date "2018.11.11"]
[Round "3"]
[Board "3"]
[White "Ratkovic, Milovan"]
[Black "Grcic, Vukasin"]
[Result "1/2-1/2"]
[WhiteElo "2411"]
[BlackElo "2174"]
[PlyCount "35"]
[EventDate "2018.11.09"]
[EventType "team"]
[EventRounds "11"]
[EventCountry "SRB"]
[WhiteTeam "S.K. NAFTAGAS-ELEMIR"]
[BlackTeam "Š.K. MLADOST-NOVA PAZOVA"]

1. d4 d5 2. c4 e6 3. Nc3 c5 4. cxd5 exd5 5. Nf3 Nc6 6. dxc5 Nf6 7. Bg5 Bxc5 8.
e3 O-O 9. Be2 d4 10. exd4 Nxd4 11. Nxd4 Qxd4 12. O-O h6 13. Qxd4 Bxd4 14. Bh4
Be6 15. Bf3 Rac8 16. Rfd1 Bxc3 17. bxc3 Rxc3 18. Bxb7  1/2-1/2

[Event "DRUGA LIGA SRBIJE-GRUPA VOJVODINA 2018"]
[Site "Novi Sad"]
[Date "2018.11.11"]
[Round "3"]
[Board "4"]
[White "Stamenkovic, Aleksandar"]
[Black "Popov, Sinisa S"]
[Result "0-1"]
[WhiteElo "2165"]
[BlackElo "2432"]
[PlyCount "80"]
[EventDate "2018.11.09"]
[EventType "team"]
[EventRounds "11"]
[EventCountry "SRB"]
[WhiteTeam "Š.K. MLADOST-NOVA PAZOVA"]
[BlackTeam "S.K. NAFTAGAS-ELEMIR"]

1. d4 Nf6 2. Nf3 e6 3. c4 c5 4. d5 exd5 5. cxd5 d6 6. Nc3 a6 7. a4 g6 8. g3 Bg7
9. Bg2 O-O 10. O-O Nbd7 11. Nd2 Nh5 12. Nc4 Ne5 13. Ne3 Rb8 14. f4 Ng4 15. Nxg4
Bxg4 16. Qd3 b5 17. axb5 axb5 18. h3 c4 19. Qd2 Bd7 20. g4 Nf6 21. Ra6 b4 22.
Nd1 Qc8 23. Rc6 Bxc6 24. dxc6 d5 25. g5 Ne4 26. Qxd5 Ng3 27. Qxc4 Nxf1 28. Kxf1
Rd8 29. Nf2 Rd4 30. Qc5 Qf5 31. Qxf5 gxf5 32. Nd3 b3 33. Be3 Rc4 34. Bd5 Rc2
35. Kf2 Bxb2 36. c7 Rb5 37. Bxb3 Rxc7 38. Ba4 Rb8 39. Nc5 Re7 40. Bc2 Rbe8  0-1

[Event "DRUGA LIGA SRBIJE-GRUPA VOJVODINA 2018"]
[Site "Novi Sad"]
[Date "2018.11.11"]
[Round "3"]
[Board "5"]
[White "Besedes, Danilo"]
[Black "Subotic, Srbislav"]
[Result "1/2-1/2"]
[WhiteElo "2290"]
[BlackElo "2126"]
[PlyCount "85"]
[EventDate "2018.11.09"]
[EventType "team"]
[EventRounds "11"]
[EventCountry "SRB"]
[WhiteTeam "S.K. NAFTAGAS-ELEMIR"]
[BlackTeam "Š.K. MLADOST-NOVA PAZOVA"]

1. Nf3 Nc6 2. d4 e6 3. c4 d5 4. Nc3 Nf6 5. Bg5 Be7 6. e3 h6 7. Bh4 O-O 8. Bd3
dxc4 9. Bxc4 Nd5 10. Bg3 Na5 11. Bd3 c5 12. O-O cxd4 13. exd4 Nc6 14. Rc1 Bd7
15. Qe2 g6 16. Ne4 Qb6 17. Be5 Nxe5 18. Nxe5 Rad8 19. Nc5 Be8 20. Rfd1 Bg5 21.
Rc4 Bb5 22. g3 Bxc4 23. Bxc4 Qc7 24. Qe4 b6 25. Ncd3 Bf6 26. Bb3 Qd6 27. h4 Bg7
28. Nc4 Qc7 29. Nce5 Nf6 30. Qe3 Qd6 31. Nf4 h5 32. Qd3 Nd5 33. Nxd5 exd5 34.
Nf3 Rfe8 35. Qb5 Qd7 36. Qxd7 Rxd7 37. Ba4 Red8 38. Bxd7 Rxd7 39. Rc1 f6 40.
Kf1 Kf7 41. Ke2 Bf8 42. Kd3 Bd6 43. Rc6  1/2-1/2

[Event "DRUGA LIGA SRBIJE-GRUPA VOJVODINA 2018"]
[Site "Novi Sad"]
[Date "2018.11.11"]
[Round "3"]
[Board "6"]
[White "Gavric, Zivojin"]
[Black "Adamov, Ivan"]
[Result "1/2-1/2"]
[WhiteElo "2125"]
[BlackElo "2126"]
[PlyCount "77"]
[EventDate "2018.11.09"]
[EventType "team"]
[EventRounds "11"]
[EventCountry "SRB"]
[WhiteTeam "Š.K. MLADOST-NOVA PAZOVA"]
[BlackTeam "S.K. NAFTAGAS-ELEMIR"]

1. d4 Nf6 2. Nf3 g6 3. g3 Bg7 4. Bg2 O-O 5. O-O d6 6. Nbd2 Nc6 7. e4 e5 8. c3
Bg4 9. d5 Ne7 10. h3 Bd7 11. g4 Ne8 12. Ne1 f5 13. f3 Kh8 14. Nd3 Bh6 15. Nc4
Bxc1 16. Qxc1 f4 17. Nd2 Ng8 18. c4 h5 19. Kf2 Nh6 20. Ke2 Rf7 21. Rh1 Rh7 22.
Qc3 Kg8 23. Rag1 Rc8 24. gxh5 gxh5 25. Bf1+ Rg7 26. h4 Qf6 27. Bh3 Bxh3 28.
Rxg7+ Qxg7 29. Rxh3 Qg2+ 30. Nf2 Nf6 31. Qc1 Kh8 32. Qf1 Qg6 33. Rh1 Rg8 34.
Nh3 Qg2+ 35. Qxg2 Rxg2+ 36. Nf2 Nhg8 37. Kf1 Rg3 38. Rg1 Rxg1+ 39. Kxg1  1/2-1/2

[Event "DRUGA LIGA SRBIJE-GRUPA VOJVODINA 2018"]
[Site "Novi Sad"]
[Date "2018.11.11"]
[Round "3"]
[Board "1"]
[White "Csizik, Karoly"]
[Black "Pastar, Slaven"]
[Result "0-1"]
[WhiteElo "1932"]
[BlackElo "2326"]
[PlyCount "116"]
[EventDate "2018.11.09"]
[EventType "team"]
[EventRounds "11"]
[EventCountry "SRB"]
[WhiteTeam "S.K. SENTA-SENTA"]
[BlackTeam "S.K. KRALJICA PTT-NOVI SAD"]

1. e4 c5 2. Nf3 e6 3. d4 cxd4 4. Nxd4 Nf6 5. Nc3 Nc6 6. Ndb5 Bc5 7. Nd6+ Ke7 8.
Bf4 e5 9. Nf5+ Kf8 10. Be3 Bb4 11. a3 Bxc3+ 12. bxc3 d5 13. Bc5+ Kg8 14. exd5
Qxd5 15. Qxd5 Nxd5 16. Nd6 b6 17. c4 Nc7 18. Be3 Ne6 19. Bd3 Ba6 20. Be4 Rd8
21. O-O-O Ncd4 22. Bxd4 exd4 23. Nb5 g6 24. Rd2 Kg7 25. Rhd1 Bxb5 26. cxb5 Rd6
27. Bc6 Rhd8 28. c4 a6 29. a4 Nc5 30. Bd5 axb5 31. axb5 Nb3+ 32. Kc2 Nxd2 33.
Rxd2 Rxd5 34. cxd5 Rxd5 35. Kd3 Kf6 36. Ke4 Ke6 37. Rxd4 f5+ 38. Kd3 Ke5 39.
f4+ Ke6 40. Kc4 Rc5+ 41. Kb4 Rc2 42. Rc4 Rb2+ 43. Ka4 Rxg2 44. Rc6+ Kd5 45.
Rxb6 Rxh2 46. Rc6 Rf2 47. Rc8 Rxf4+ 48. Ka5 Rf1 49. b6 Ra1+ 50. Kb5 Rb1+ 51.
Ka6 f4 52. b7 f3 53. b8=Q Rxb8 54. Rxb8 Ke4 55. Kb5 f2 56. Rf8 Ke3 57. Kc4 Ke2
58. Re8+ Kd2  0-1

[Event "DRUGA LIGA SRBIJE-GRUPA VOJVODINA 2018"]
[Site "Novi Sad"]
[Date "2018.11.11"]
[Round "3"]
[Board "2"]
[White "Banovic, Ivan"]
[Black "Balla, Tamas-Kristof"]
[Result "0-1"]
[WhiteElo "2246"]
[BlackElo "2318"]
[PlyCount "78"]
[EventDate "2018.11.09"]
[EventType "team"]
[EventRounds "11"]
[EventCountry "SRB"]
[WhiteTeam "S.K. KRALJICA PTT-NOVI SAD"]
[BlackTeam "S.K. SENTA-SENTA"]

1. d4 Nf6 2. c4 e6 3. Nc3 Bb4 4. Qc2 c5 5. dxc5 O-O 6. Nf3 Na6 7. a3 Bxc3+ 8.
Qxc3 Nxc5 9. e3 b6 10. Be2 Bb7 11. O-O d5 12. b4 Nce4 13. Qb3 dxc4 14. Bxc4 Bd5
15. Bb2 Rc8 16. Bxd5 Qxd5 17. Qxd5 Nxd5 18. Rfc1 f6 19. Nd4 e5 20. Nc6 Nec3 21.
Bxc3 Rxc6 22. Bd2 Rfc8 23. Kf1 e4 24. Rxc6 Rxc6 25. Rc1 Rxc1+ 26. Bxc1 b5 27.
Bb2 a6 28. Bd4 Kf7 29. f3 f5 30. fxe4 fxe4 31. Kf2 h5 32. Kg3 g5 33. h4 g4 34.
Kf2 Ne7 35. Bb6 Nf5 36. Bd8 Ke6 37. Ke2 Kd5 38. Kd2 Kc4 39. Bg5 Kb3  0-1

[Event "DRUGA LIGA SRBIJE-GRUPA VOJVODINA 2018"]
[Site "Novi Sad"]
[Date "2018.11.11"]
[Round "3"]
[Board "4"]
[White "Remecki, Sinisa"]
[Black "Simonyi, Zoltan"]
[Result "1/2-1/2"]
[WhiteElo "2257"]
[BlackElo "2208"]
[PlyCount "133"]
[EventDate "2018.11.09"]
[EventType "team"]
[EventRounds "11"]
[EventCountry "SRB"]
[WhiteTeam "S.K. KRALJICA PTT-NOVI SAD"]
[BlackTeam "S.K. SENTA-SENTA"]

1. d4 Nf6 2. Nc3 c5 3. dxc5 Qa5 4. a3 Qxc5 5. e4 d6 6. Be3 Qa5 7. f3 Nc6 8.
Nge2 e6 9. Qd2 Be7 10. Nd4 a6 11. Be2 O-O 12. O-O Qc7 13. a4 Bd7 14. Nxc6 bxc6
15. a5 c5 16. Bf4 Rfd8 17. Bc4 Bc6 18. Qe2 Qb7 19. e5 Nd5 20. Bxd5 exd5 21.
exd6 Bxd6 22. Bxd6 Rxd6 23. b3 Re6 24. Qf2 d4 25. Na4 Qa7 26. Nb6 Rae8 27. Rfe1
Qe7 28. Rxe6 Qxe6 29. Nc4 Qe2 30. Qxe2 Rxe2 31. Rc1 Kf8 32. Kf1 Re6 33. Na3
Bb5+ 34. Nxb5 axb5 35. Ra1 Ra6 36. Ke2 Ke7 37. Kd3 Kd6 38. c3 dxc3 39. Kxc3 Ra7
40. b4 Kc6 41. Re1 Rd7 42. bxc5 Kxc5 43. Re5+ Kc6 44. h3 g6 45. g4 h6 46. h4
b4+ 47. Kxb4 Rd3 48. Rc5+ Kb7 49. Rc3 Rd5 50. Re3 Rd4+ 51. Kc5 Rf4 52. Kb5 Rf6
53. a6+ Kb8 54. g5 hxg5 55. hxg5 Rf4 56. Kb6 Rb4+ 57. Kc6 Rf4 58. Kb6 Rb4+ 59.
Ka5 Rf4 60. Kb5 Ka7 61. Re7+ Ka8 62. Kb6 Rb4+ 63. Kc6 Rf4 64. Re3 Ka7 65. Kd6
Kxa6 66. Ke7 Kb6 67. Kd6  1/2-1/2

[Event "DRUGA LIGA SRBIJE-GRUPA VOJVODINA 2018"]
[Site "Novi Sad"]
[Date "2018.11.11"]
[Round "3"]
[Board "5"]
[White "Vranic, Ljubomir"]
[Black "Matijevic, Radovan"]
[Result "0-1"]
[WhiteElo "2227"]
[BlackElo "2105"]
[PlyCount "138"]
[EventDate "2018.11.09"]
[EventType "team"]
[EventRounds "11"]
[EventCountry "SRB"]
[WhiteTeam "S.K. SENTA-SENTA"]
[BlackTeam "S.K. KRALJICA PTT-NOVI SAD"]

1. d4 d5 2. c4 Nf6 3. Nc3 e6 4. Nf3 Be7 5. Bg5 O-O 6. e3 Nbd7 7. Rc1 c6 8. Bd3
Re8 9. O-O dxc4 10. Bxc4 Nd5 11. Bxe7 Nxe7 12. Qe2 Ng6 13. Rfd1 b6 14. Ne5 Bb7
15. f4 Qe7 16. Ne4 Nf6 17. Ng5 Rf8 18. Bd3 Rac8 19. Nxg6 hxg6 20. e4 Nh7 21.
Nf3 c5 22. Qe3 Nf6 23. dxc5 bxc5 24. Bb1 c4 25. Ne5 Qb4 26. Qd2 Qb6+ 27. Qd4
Rfd8 28. Qxb6 Rxd1+ 29. Rxd1 axb6 30. Rd4 b5 31. Kf2 Kf8 32. g4 Bc6 33. g5 Ne8
34. Ke3 Ke7 35. h4 Nd6 36. Bc2 Be8 37. Bd1 f6 38. Nf3 b4 39. Bc2 Ra8 40. Bb1
Rc8 41. Bc2 Nb5 42. Rd1 c3 43. b3 Na3 44. Rc1 Rd8 45. Bd3 Bb5 46. Ne1 Rh8 47.
Bxb5 Nxb5 48. Nd3 Rxh4 49. gxf6+ gxf6 50. Nxb4 Rh3+ 51. Kf2 Nd4 52. Kg2 Re3 53.
f5 gxf5 54. exf5 c2 55. fxe6 Kxe6 56. Kf1 Rh3 57. Kg2 Rc3 58. Kf2 Kd6 59. Ke1
Kc5 60. a3 Rh3 61. Kf2 Rxb3 62. Ke1 Rxa3 63. Nxc2 Rc3 64. Kd2 Rxc2+ 65. Rxc2+
Nxc2 66. Kxc2 Kd4 67. Kd2 Ke4 68. Ke2 Kf4 69. Kf2 f5  0-1

[Event "DRUGA LIGA SRBIJE-GRUPA VOJVODINA 2018"]
[Site "Novi Sad"]
[Date "2018.11.11"]
[Round "3"]
[Board "6"]
[White "Radanovic, Aleksandar"]
[Black "Nagy, Attila N"]
[Result "1-0"]
[WhiteElo "2147"]
[BlackElo "2241"]
[PlyCount "105"]
[EventDate "2018.11.09"]
[EventType "team"]
[EventRounds "11"]
[EventCountry "SRB"]
[WhiteTeam "S.K. KRALJICA PTT-NOVI SAD"]
[BlackTeam "S.K. SENTA-SENTA"]

1. e4 c5 2. Nf3 e6 3. d4 cxd4 4. Nxd4 Nf6 5. Bd3 d6 6. Nc3 Be7 7. O-O a6 8. a4
O-O 9. Kh1 Nc6 10. Nb3 b6 11. f4 Bb7 12. Be2 Nb4 13. Bf3 d5 14. exd5 Nbxd5 15.
Nxd5 Bxd5 16. Be3 Qc7 17. Nd4 Rac8 18. b3 Qc3 19. Qe1 Bxf3 20. Rxf3 Bb4 21. Qf1
Rfd8 22. Bg1 Qc7 23. Qxa6 e5 24. fxe5 Qxe5 25. Qb5 Bc5 26. c3 Rd5 27. Rf5 Qe4
28. Rxd5 Nxd5 29. Qd7 Re8 30. Rf1 Re7 31. Qd8+ Re8 32. Qg5 h6 33. Qh5 Nf4 34.
Qf3 Qxf3 35. Rxf3 g5 36. g3 Nh3 37. Kg2 g4 38. Re3 Rd8 39. Re4 h5 40. b4 Ng5
41. Re2 Bf8 42. Nc6 Rd3 43. Bxb6 Rxc3 44. b5 Nf3 45. Ne5 Ra3 46. a5 Bg7 47. Nc4
Rc3 48. a6 Rxc4 49. a7 Rc8 50. Ra2 Ra8 51. Bf2 Bd4 52. Bxd4 Nxd4 53. b6  1-0

[Event "DRUGA LIGA SRBIJE-GRUPA VOJVODINA 2018"]
[Site "Novi Sad"]
[Date "2018.11.11"]
[Round "3"]
[Board "1"]
[White "Obodchuk, Andrei"]
[Black "Gajcin, Marina"]
[Result "1/2-1/2"]
[WhiteElo "2319"]
[BlackElo "2161"]
[PlyCount "101"]
[EventDate "2018.11.09"]
[EventType "team"]
[EventRounds "11"]
[EventCountry "SRB"]
[WhiteTeam "S.K. BUDUCNOST-SRPSKA CRNJA"]
[BlackTeam "SOMBORSKI S.K.-SOMBOR"]

1. d4 Nf6 2. c4 g6 3. Nc3 d5 4. Bf4 Bg7 5. e3 c5 6. dxc5 Qa5 7. Qb3 Ne4 8. Qb5+
Qxb5 9. Nxb5 Na6 10. cxd5 O-O 11. Bc4 Nexc5 12. Nd4 Nb4 13. Rd1 Na4 14. Bb3
Nxb2 15. Rd2 N2d3+ 16. Ke2 Bxd4 17. Rxd3 Nxd3 18. Kxd3 Bf6 19. e4 e5 20. Bg3
Bd7 21. Nf3 Rfe8 22. Rc1 Bb5+ 23. Ke3 Bg7 24. Ng5 Rac8 25. Rxc8 Rxc8 26. f4
exf4+ 27. Bxf4 Rc3+ 28. Kd2 Rd3+ 29. Kc2 h6 30. Nf3 Rc3+ 31. Kd2 g5 32. Bb8 a5
33. d6 Rd3+ 34. Kc2 Re3 35. Bd5 Kf8 36. Bxb7 Ke8 37. Bd5 Re2+ 38. Kd1 Rxg2 39.
e5 Rb2 40. Kc1 Rf2 41. Ba7 Rf1+ 42. Kd2 Bd7 43. Bd4 g4 44. Ne1 Rf5 45. Nd3 Rh5
46. Ke3 Rxh2 47. Nc5 Bf8 48. Nxd7 Kxd7 49. Bxf7 Bxd6 50. exd6 Kxd6 51. Kf4
 1/2-1/2

[Event "DRUGA LIGA SRBIJE-GRUPA VOJVODINA 2018"]
[Site "Novi Sad"]
[Date "2018.11.11"]
[Round "3"]
[Board "3"]
[White "Adamovic, Sasa"]
[Black "Tancik, Kristijan"]
[Result "0-1"]
[WhiteElo "1904"]
[BlackElo "2223"]
[PlyCount "102"]
[EventDate "2018.11.09"]
[EventType "team"]
[EventRounds "11"]
[EventCountry "SRB"]
[WhiteTeam "S.K. BUDUCNOST-SRPSKA CRNJA"]
[BlackTeam "SOMBORSKI S.K.-SOMBOR"]

1. e4 c5 2. Nf3 g6 3. d4 cxd4 4. Qxd4 Nf6 5. Nc3 Nc6 6. Qd1 d6 7. Be2 Bg7 8.
O-O O-O 9. Bg5 Be6 10. Qd2 Rc8 11. Rad1 Na5 12. Nd4 Bc4 13. Rfe1 Bxe2 14. Qxe2
Nc4 15. Bc1 Qa5 16. Nb3 Qc7 17. Nb5 Qb6 18. N5d4 a5 19. c3 a4 20. Na1 Nd7 21.
b3 axb3 22. axb3 Nce5 23. Be3 Qa5 24. c4 Nc6 25. Nac2 Nxd4 26. Bxd4 Bxd4 27.
Rxd4 Qa2 28. b4 Ne5 29. Ra1 Qb2 30. h3 Nc6 31. Rdd1 Nxb4 32. Rac1 b5 33. Rb1
Qxc2 34. Qxc2 Nxc2 35. cxb5 Rc5 36. b6 Rb8 37. Rb3 Kg7 38. b7 Rc6 39. f4 e5 40.
fxe5 dxe5 41. Rd7 Nd4 42. Rb2 Rc2 43. Rb1 Rc1+ 44. Rxc1 Ne2+ 45. Kf2 Nxc1 46.
Ke3 Nb3 47. Rc7 Nd4 48. g4 Ne6 49. Rd7 Kf8 50. Rd5 Rxb7 51. Rxe5 Rb3+  0-1

[Event "DRUGA LIGA SRBIJE-GRUPA VOJVODINA 2018"]
[Site "Novi Sad"]
[Date "2018.11.11"]
[Round "3"]
[Board "4"]
[White "Tokovic, Svetozar"]
[Black "Santrac, Bozo"]
[Result "1-0"]
[WhiteElo "2238"]
[BlackElo "1968"]
[PlyCount "124"]
[EventDate "2018.11.09"]
[EventType "team"]
[EventRounds "11"]
[EventCountry "SRB"]
[WhiteTeam "SOMBORSKI S.K.-SOMBOR"]
[BlackTeam "S.K. BUDUCNOST-SRPSKA CRNJA"]

1. Nf3 d6 2. g3 Nf6 3. Bg2 g6 4. O-O Bg7 5. d4 O-O 6. c4 Nc6 7. Nc3 e5 8. dxe5
dxe5 9. Bg5 Qxd1 10. Raxd1 Be6 11. Nd5 Ne8 12. Ne7+ Kh8 13. Nxc6 bxc6 14. Be7
Rg8 15. Ng5 Bxc4 16. Bd5 Bxd5 17. Rxd5 Bf6 18. Bxf6+ Nxf6 19. Rxe5 Rge8 20. Rc1
Kg7 21. Rxe8 Rxe8 22. e3 h6 23. Nf3 Rb8 24. b3 Rb6 25. Nd4 Ra6 26. a4 Ne8 27.
Rxc6 Rb6 28. Kf1 Kf8 29. Rc3 a6 30. a5 Rd6 31. Ke2 Ke7 32. b4 Kd7 33. Nb3 Nf6
34. Nc5+ Kc8 35. Rc4 h5 36. h3 Nd7 37. Ne4 Rd5 38. Nc3 Rd6 39. Ne4 Rd5 40. f4
f5 41. Nc5 Nxc5 42. Rxc5 Rd6 43. Rc4 Kb7 44. Rc5 Kc8 45. Kf3 Kd7 46. g4 hxg4+
47. hxg4 Rf6 48. gxf5 gxf5 49. Ke2 Rf7 50. Kd3 Rf8 51. Kd4 Kd6 52. Rd5+ Kc6 53.
Re5 Rf6 54. Kc4 Kd6 55. b5 axb5+ 56. Kxb5 Rf8 57. a6 Rb8+ 58. Kc4 Rf8 59. Kb5
c6+ 60. Kb6 Rb8+ 61. Ka5 Rb3 62. a7 c5  1-0

[Event "DRUGA LIGA SRBIJE-GRUPA VOJVODINA 2018"]
[Site "Novi Sad"]
[Date "2018.11.11"]
[Round "3"]
[Board "5"]
[White "Markovic, Darko"]
[Black "Strangar, Zlatko"]
[Result "0-1"]
[WhiteElo "1617"]
[BlackElo "2212"]
[PlyCount "68"]
[EventDate "2018.11.09"]
[EventType "team"]
[EventRounds "11"]
[EventCountry "SRB"]
[WhiteTeam "S.K. BUDUCNOST-SRPSKA CRNJA"]
[BlackTeam "SOMBORSKI S.K.-SOMBOR"]

1. d4 Nf6 2. c4 g6 3. Nc3 Bg7 4. e4 d6 5. f3 O-O 6. Be3 Nbd7 7. h4 e5 8. d5 Nh5
9. Nge2 f5 10. Qd2 Nc5 11. b4 Nd7 12. g4 fxg4 13. fxg4 Nf4 14. g5 a5 15. b5 Nc5
16. Bxc5 dxc5 17. Rg1 h5 18. Nd1 Qd6 19. Nf2 Bd7 20. Rb1 Rf7 21. a4 Raf8 22.
Ng3 b6 23. Rb2 Bc8 24. Rh1 Rd8 25. Rg1 Qe7 26. Rh1 Rff8 27. Rg1 Ne6 28. Bg2 Nd4
29. Qc3 Rf4 30. Rh1 Rdf8 31. Nd3 Rxh4 32. Qd2 Rg4 33. Nxh5 gxh5 34. Rxh5 Qf7
 0-1

[Event "DRUGA LIGA SRBIJE-GRUPA VOJVODINA 2018"]
[Site "Novi Sad"]
[Date "2018.11.11"]
[Round "3"]
[Board "6"]
[White "Roganovic, Nebojsa"]
[Black "Zarin, David"]
[Result "1-0"]
[WhiteElo "2141"]
[BlackElo "1989"]
[PlyCount "101"]
[EventDate "2018.11.09"]
[EventType "team"]
[EventRounds "11"]
[EventCountry "SRB"]
[WhiteTeam "SOMBORSKI S.K.-SOMBOR"]
[BlackTeam "S.K. BUDUCNOST-SRPSKA CRNJA"]

1. e4 c5 2. Nf3 d6 3. Bb5+ Bd7 4. Bxd7+ Qxd7 5. c4 Nc6 6. d4 cxd4 7. Nxd4 Nf6
8. Nc3 e6 9. Be3 Be7 10. O-O O-O 11. Rc1 Nxd4 12. Bxd4 e5 13. Be3 Ng4 14. Nd5
Nxe3 15. fxe3 Bd8 16. Qb3 Bb6 17. Qd3 Kh8 18. Rf5 Rad8 19. b4 f6 20. Rf2 Bc7
21. a4 Rf7 22. a5 Rdf8 23. h3 Bd8 24. g4 g6 25. Rcf1 Kg7 26. Nc3 h5 27. Rg2
hxg4 28. hxg4 Rh8 29. Rd1 Rh3 30. Kf2 Qe6 31. Qd5 Qxd5 32. Rxd5 a6 33. c5 dxc5
34. Rxd8 cxb4 35. Nd5 b3 36. Kg1 Kh7 37. Rb2 Rg3+ 38. Kf2 Rxg4 39. Kf3 f5 40.
Rh2+ Kg7 41. Rdh8 g5 42. exf5 Rh4 43. R8xh4 gxh4 44. Kg4 Rf8 45. Rb2 Rc8 46.
Kxh4 Rc5 47. e4 Rxa5 48. Rxb3 b5 49. Kg5 Ra4 50. f6+ Kf7 51. Kf5  1-0

[Event "DRUGA LIGA SRBIJE-GRUPA VOJVODINA 2018"]
[Site "Novi Sad"]
[Date "2018.11.12"]
[Round "5"]
[Board "1"]
[White "Budisavljevic, Luka"]
[Black "Jotic, Vladimir"]
[Result "1-0"]
[WhiteElo "2344"]
[BlackElo "2369"]
[PlyCount "75"]
[EventDate "2018.11.09"]
[EventType "team"]
[EventRounds "11"]
[EventCountry "SRB"]
[WhiteTeam "S.K. VOJVODINA-NOVI SAD"]
[BlackTeam "S.K. POLET- RASTINA"]

1. d4 Nf6 2. Nf3 g6 3. Bf4 Bg7 4. e3 O-O 5. Be2 d6 6. h3 Nbd7 7. O-O b6 8. c3
Bb7 9. a4 a6 10. Nbd2 Qe8 11. Qc2 e5 12. b4 e4 13. Ne1 Qe7 14. Qb3 Rfe8 15. Nc2
h5 16. c4 a5 17. c5 bxc5 18. bxc5 Bd5 19. Bc4 Bxc4 20. Nxc4 dxc5 21. Bxc7 cxd4
22. Bd6 Qd8 23. Nxd4 Qc8 24. Rac1 Qa6 25. Nb5 Nd5 26. Rfd1 N7f6 27. Ne5 Qb7 28.
Rc7 Nxc7 29. Qxf7+ Kh8 30. Nxc7 Rxe5 31. Bxe5 Rf8 32. Qxg6 Qb3 33. Rf1 Qf7 34.
Qf5 Nh7 35. Qxe4 Rg8 36. Bxg7+ Qxg7 37. Ne6 Qf6 38. Qd4  1-0

[Event "DRUGA LIGA SRBIJE-GRUPA VOJVODINA 2018"]
[Site "Novi Sad"]
[Date "2018.11.12"]
[Round "5"]
[Board "2"]
[White "Popovic, Milos T"]
[Black "Grujic, Zoran"]
[Result "0-1"]
[WhiteElo "2375"]
[BlackElo "2329"]
[PlyCount "72"]
[EventDate "2018.11.09"]
[EventType "team"]
[EventRounds "11"]
[EventCountry "SRB"]
[WhiteTeam "S.K. POLET- RASTINA"]
[BlackTeam "S.K. VOJVODINA-NOVI SAD"]

1. d4 Nf6 2. Bg5 e6 3. e4 h6 4. Bxf6 Qxf6 5. Nf3 d6 6. Nc3 a6 7. Qd2 Nd7 8.
O-O-O g6 9. e5 Qe7 10. exd6 cxd6 11. Qf4 Nf6 12. Bc4 Bg7 13. h4 O-O 14. g4 b5
15. Bb3 b4 16. Na4 Bb7 17. Rhe1 h5 18. gxh5 Nxh5 19. Qe3 Bxf3 20. Qxf3 Qxh4 21.
Re4 Qg5+ 22. Kb1 a5 23. Rg4 Qf6 24. Qg2 Rab8 25. Qh2 Rfd8 26. Rdg1 Rb5 27. d5
exd5 28. c4 dxc4 29. Bxc4 Qf5+ 30. Ka1 Re5 31. f4 Qxg4 32. Bxf7+ Kxf7 33. fxe5
Qe6 34. Qh4 Re8 35. exd6 Qxd6 36. Qc4+ Qe6  0-1

[Event "DRUGA LIGA SRBIJE-GRUPA VOJVODINA 2018"]
[Site "Novi Sad"]
[Date "2018.11.12"]
[Round "5"]
[Board "3"]
[White "Savanovic, Vuk"]
[Black "Miranovic, Rajko"]
[Result "1-0"]
[WhiteElo "2272"]
[BlackElo "2358"]
[PlyCount "84"]
[EventDate "2018.11.09"]
[EventType "team"]
[EventRounds "11"]
[EventCountry "SRB"]
[WhiteTeam "S.K. VOJVODINA-NOVI SAD"]
[BlackTeam "S.K. POLET- RASTINA"]

1. e4 c5 2. Nf3 d6 3. d4 cxd4 4. Nxd4 Nf6 5. Nc3 a6 6. f3 e5 7. Nb3 Be7 8. Be3
Be6 9. Qd2 O-O 10. O-O-O a5 11. Qe1 Qc8 12. a4 Nc6 13. g4 Nb4 14. Kb1 d5 15. g5
Ne8 16. exd5 Bf5 17. Rd2 Nd6 18. Nc5 b5 19. Qf2 bxa4 20. N3xa4 Rb8 21. Ka1 Nb7
22. Ne4 Qe8 23. b3 Nd6 24. Nec5 Nxc2+ 25. Rxc2 Rxb3 26. Rb2 Ra3+ 27. Ra2 Qb8
28. Ba6 Qb4 29. Qd2 Rxe3 30. Qxe3 h6 31. h4 Qb8 32. Rg1 h5 33. Rb2 Qa7 34. Bd3
g6 35. Rc1 Rc8 36. Be4 Rc7 37. Rc3 Kh7 38. Ka2 Qa8 39. Ka1 Qe8 40. Bxf5 Nxf5
41. Qxe5 Qc8 42. Ne4 Rc4  1-0

[Event "DRUGA LIGA SRBIJE-GRUPA VOJVODINA 2018"]
[Site "Novi Sad"]
[Date "2018.11.12"]
[Round "5"]
[Board "4"]
[White "Sljukic, Miodrag"]
[Black "Mikheev, Stanislav"]
[Result "0-1"]
[WhiteElo "2206"]
[BlackElo "2307"]
[PlyCount "54"]
[EventDate "2018.11.09"]
[EventType "team"]
[EventRounds "11"]
[EventCountry "SRB"]
[WhiteTeam "S.K. POLET- RASTINA"]
[BlackTeam "S.K. VOJVODINA-NOVI SAD"]

1. d4 Nf6 2. Bf4 d5 3. e3 c5 4. c3 Nc6 5. Nd2 Bf5 6. Qb3 Qd7 7. Ngf3 e6 8. Ne5
Nxe5 9. dxe5 c4 10. Nxc4 dxc4 11. Bxc4 O-O-O 12. exf6 Qd2+ 13. Kf1 gxf6 14. h4
Rg8 15. Bg3 Rxg3 16. fxg3 Bc5 17. Re1 Bxe3 18. Re2 Bd3 19. Bxd3 Qxd3 20. Qc2
Qa6 21. c4 Bc5 22. b3 Qd6 23. Rh3 Qd4 24. Rh1 Bb4 25. Rh2 Qa1+ 26. Kf2 Bc5+ 27.
Kf3 f5  0-1

[Event "DRUGA LIGA SRBIJE-GRUPA VOJVODINA 2018"]
[Site "Novi Sad"]
[Date "2018.11.12"]
[Round "5"]
[Board "5"]
[White "Djacanin, Goran"]
[Black "Elez, Nikola"]
[Result "0-1"]
[WhiteElo "2186"]
[BlackElo "2120"]
[PlyCount "122"]
[EventDate "2018.11.09"]
[EventType "team"]
[EventRounds "11"]
[EventCountry "SRB"]
[WhiteTeam "S.K. VOJVODINA-NOVI SAD"]
[BlackTeam "S.K. POLET- RASTINA"]

1. e4 c5 2. d4 cxd4 3. c3 g6 4. cxd4 d5 5. e5 Nc6 6. Nc3 Bg7 7. a3 Nh6 8. h3 f6
9. exf6 exf6 10. Bxh6 Bxh6 11. Nf3 Be6 12. Be2 O-O 13. O-O Qd7 14. Re1 Rac8 15.
Na4 b6 16. Bb5 Qd6 17. Nc3 Na5 18. Qa4 Bf5 19. Re2 Rfd8 20. Rae1 Bf8 21. Ba6
Rb8 22. Bb5 Qf4 23. Re3 Rbc8 24. b4 Nc4 25. Bxc4 Rxc4 26. Qxa7 Qd6 27. Qb7 Bc8
28. Qa7 Bd7 29. Qb7 Bc8 30. Qa7 Rc7 31. Qa4 Bd7 32. Qb3 Rc4 33. Ne2 Bh6 34. Rc3
b5 35. Nc1 Rdc8 36. Rxc4 dxc4 37. Qc2 Bf5 38. Qe2 Qd5 39. Na2 c3 40. g4 Bd7 41.
g5 fxg5 42. Ne5 Bxh3 43. f3 Qxd4+ 44. Qf2 Qxf2+ 45. Kxf2 Bf5 46. Nc1 Bg7 47.
Ned3 Bd4+ 48. Kg2 c2 49. Nc5 Bxc5 50. bxc5 Rxc5 51. Kf2 Rc3 52. Re7 Rxa3 53.
Ke2 b4 54. Rb7 Ra1 55. Kd2 Rb1 56. Ne2 Rd1+ 57. Ke3 Re1 58. Rc7 b3 59. Kd2
Rxe2+ 60. Kxe2 b2 61. f4 gxf4  0-1

[Event "DRUGA LIGA SRBIJE-GRUPA VOJVODINA 2018"]
[Site "Novi Sad"]
[Date "2018.11.12"]
[Round "5"]
[Board "6"]
[White "Ivancevic, Bozidar"]
[Black "Stikovic, Dobrica"]
[Result "1/2-1/2"]
[WhiteElo "2090"]
[BlackElo "2169"]
[PlyCount "31"]
[EventDate "2018.11.09"]
[EventType "team"]
[EventRounds "11"]
[EventCountry "SRB"]
[WhiteTeam "S.K. POLET- RASTINA"]
[BlackTeam "S.K. VOJVODINA-NOVI SAD"]

1. Nf3 Nf6 2. b3 d5 3. Bb2 Bf5 4. g3 e6 5. Bg2 h6 6. d3 Nbd7 7. O-O Bc5 8. e3
O-O 9. Qe2 Qe7 10. Nbd2 c6 11. Kh1 e5 12. e4 dxe4 13. Nxe4 Nxe4 14. dxe4 Bg4
15. h3 Bxf3 16. Bxf3  1/2-1/2

[Event "DRUGA LIGA SRBIJE-GRUPA VOJVODINA 2018"]
[Site "Novi Sad"]
[Date "2018.11.12"]
[Round "5"]
[Board "1"]
[White "Grigoryan, Karen H."]
[Black "Petakov, Uros"]
[Result "1-0"]
[WhiteElo "2542"]
[BlackElo "2325"]
[PlyCount "53"]
[EventDate "2018.11.09"]
[EventType "team"]
[EventRounds "11"]
[EventCountry "SRB"]
[WhiteTeam "S.K. NAFTAGAS-ELEMIR"]
[BlackTeam "S.K. STARA PAZOVA-STARA PAZOVA"]

1. e4 Nc6 2. d4 e5 3. Nf3 exd4 4. Nxd4 Nxd4 5. Qxd4 Qf6 6. e5 Qb6 7. Qxb6 axb6
8. Nc3 Bb4 9. Bd2 Ne7 10. Bc4 O-O 11. Nb5 Bxd2+ 12. Kxd2 Ng6 13. Nxc7 Ra5 14.
Bb5 Nxe5 15. a4 d6 16. b4 Ra7 17. Nd5 Bd7 18. Nxb6 Bc6 19. f3 f5 20. c4 Rd8 21.
Kc3 Nd7 22. Nxd7 Rxd7 23. Bxc6 bxc6 24. a5 d5 25. b5 cxb5 26. cxb5 Rac7+ 27.
Kd3  1-0